Flags of Commonwealth Countries - Sudden Death - Statistics

General Stats
  • This quiz has been taken 233 times
  • The average score is 4 of 15
Answers on the Grid
Answers color-coded by a green-red scale on the quiz's grid according to % correct below.
example
example
example
example
example
example
example
example
example
example
example
example
example
example
example
example
example
example
example
example
example
example
example
example
example
example
example
example
example
example
 
Answer Stats
Answer % Correct
example
72%
example
69%
example
32%
example
26%
example
25%
example
24%
example
23%
example
23%
example
15%
example
14%
example
14%
example
13%
example
9%
example
9%
example
8%
No matching quizzes found
Score Distribution
Percent of People with Each Score
Percentile by Number Answered
Your Score History
You have not taken this quiz